000 00797cab a2200253 4500
001 WB3446-49
008 090401t1998 xxu||||| |||| 00| 0 eng d
035 _a(Sirsi) u90080
041 _aeng
245 _aTax threat to London offices
260 _c1998
350 _a0
490 _aDaily Telegraph
_v1 December 1998, 36(1)
520 _aEU proposals that would raise the level of tax paid by international companies operating in London, threaten to undermine the City`s office market.
650 _aFOREIGN INVESTORS
650 _aINTERNATIONAL COMPANIES
650 _aLONDON
650 _aPROPERTY-COMMERCIAL PROPERTY-OFFICE PROPERTY-OFFICE PROPERTY MARKET
650 _aTAX HARMONISATION
650 _aTAX REFORM
690 _aTAXATION
942 _n0
948 _c01/12/1998
999 _c57054
_d57054